Представление документа в формате RUSMARC

ПолеНазваниеЗначение
  Тип записи a
  Библиографический уровень a
001 Контрольный номер RU/CBS_UL/BASE/645526437
005 Дата корректировки 20240209175117.0
100 Данные общей обработки __
a Данные общей обработки 20200615d2020 ||| 0rusy0189 ca
101 Язык документа 0_
a Язык текста rus
102 Страна публикации __
a Страна публикации RU
105 Кодированные данные (монография) __
a Кодированные данные (монография) y###||||000|y
181 Поле кодированных данных: вид содержания _1
a Код вида содержания (ISBD) i#
b Код характеристики содержания (ISBD) #xxe##
d i
g x
h x
i e
182 Поле кодированных данных: тип средства _1
a Код типа средства (ISBD) n
2 Код системы (источник кода, отличный от ISBD) isbdmedia
200 Заглавие и сведения об ответственности 1_
a Заглавие Поэтами их сделала война
b Общее обозначение материала Текст
e Сведения, относящиеся к заглавию [Михаил Небыков и Сергей Осипов - фронтовики, учителя, поэты]
f Первые сведения об ответственности Л. Буйлина
w Текст (визуальный) : непосредственный
203 Вид содержания и тип средства __
a Вид содержания Текст
b Характеристика содержания визуальный
c Тип средства непосредственный
333 Примечание о целевом назначении __
a Примечание о целевом назначении 12+
461 Уровень набора _0
1 2000
a Симбирскъ
463 Уровень физической единицы _0
1 001RU/CBS_UL/BASE/645191607
1 2000
a № 4
v С. 19-23
1 210
d 2020
600 Персоналии _0
a Персоналии (Фамилия) Небыков
b Персоналии (Имя, инициалы) М.М
600 Персоналии _0
a Персоналии (Фамилия) Осипов
b Персоналии (Имя, инициалы) С.А.
606 Тематические рубрики 0_
a Основная рубрика Сенгилей, город (Ульяновская область) - История
y Географическая подрубрика Сенгилей, город (Ульяновская область)
606 Тематические рубрики 0_
a Основная рубрика Российское литературоведение, 20-21 вв. - Ульяновская область
610 Ключевые слова 0_
a Ключевые слова поэты
610 Ключевые слова 0_
a Ключевые слова журналисты
610 Ключевые слова 0_
a Ключевые слова фронтовики
610 Ключевые слова 0_
a Ключевые слова литературоведение
610 Ключевые слова 0_
a Ключевые слова учителя
610 Ключевые слова 0_
a Ключевые слова участники ВОВ
686 Индексы других классификаций __
a Классификационный индекс 83.3(2Рос=Рус)6
2 Код системы rubbk
686 Индексы других классификаций __
a Классификационный индекс 63.3(2Рос235.54)
2 Код системы ББК
700 Автор _1
a Фамилия Буйлина
b Имя (инициалы) Л.
801 Источник записи _0
a Страна RU
b Организация МБУК ЦБС г. Ульяновска
c Дата составления 20200615
g Правила каталогизации RCR
801 Источник записи _1
a Страна RU
b Организация МБУК ЦБС г. Ульяновска
c Дата составления 20200615
g Правила каталогизации RCR
901 Тип документа __
t Тип документа b
w Контрольный № источника RU/CBS_UL/BASE/645191607
910 Корректоры записи __
a Корректор записи Ильина
938 Служебная информация __
a Имя БД kraeved